000 00695cam a22002533a 4500
001 17418
003 PGUSA
005 20140828083354.0
008 051230s2005||||xxu|||||s|||||000 1 eng d
040 _aPGUSA
_beng
042 _adc
050 4 _aPS
100 1 _aWoodrow, Wilson,
_cMrs,
_d1870-1935
245 1 4 _aThe Black Pearl
_h[electronic resource] /
_cWilson, Woodrow
260 _bProject Gutenberg,
_c2005
506 _aPublic domain in the USA.
516 _aElectronic text
653 _aWestern stories
653 _aDancers -- Fiction
653 _aDeserts -- Fiction
830 0 _aProject Gutenberg
_v17418
856 4 0 _uhttp://www.gutenberg.org/ebooks/17418
942 _cEB
999 _c246673
_d246673